Airlines by Country - Statistics

General Stats
  • This quiz has been taken 73 times
    52 since last reset
  • The average score is 54 of 68
Answer Stats
Airline Country % Correct
1) Qantas Australia
100%
46) REX Airlines Ltd Australia
100%
14) Air Canada Canada
100%
69) WestJet Air Canada
100%
11) British Airways United Kingdom
100%
48) EasyJet United Kingdom
100%
55) Virgin Atlantic United Kingdom
100%
2) Southwest Airlines United States
100%
8) Delta United States
100%
18) United Airlines United States
100%
41) Spirit Airlines United States
100%
5) Lufthansa Group Germany
98%
51) TUI Group Germany
98%
15) Korean Air South Korea
98%
4) Swiss Air Switzerland
98%
13) China Southern Airlines China
95%
7) Emirates United Arab Emirates
95%
10) Etihad Airways United Arab Emirates
95%
19) Finnair Finland
93%
9) IndiGo/InterGlobe Air India
93%
6) Qatar Airways Qatar
93%
17) Singapore Air Singapore
93%
21) Iberian Air Spain
93%
53) Air Europa Spain
93%
40) EgyptAir Egypt
91%
56) Icelandair Iceland
91%
61) PLAY Air Iceland
91%
23) TAP Air Portugal Portugal
91%
59) SATA Group Portugal
91%
36) Thai Airways International Thailand
91%
29) Aerolineas Argentinas Argentina
88%
3) RyanAir Ireland
88%
12) ITA Airways Italy
88%
38) Oman Air Oman
88%
33) Saudia Saudi Arabia
88%
24) Aegean Airlines Greece
86%
31) All Nippon Airways Japan
86%
42) Royal Air Moroc Morocco
86%
22) SAS Group Sweden
86%
50) SAS Air Group Sweden
86%
35) VietJet Air Vietnam
86%
70) Air Greenland Denmark
84%
44) Air Algerie SPA Algeria
81%
25) AirBaltic Latvia
74%
63) Norse Atlantic Norway
74%
30) Cebu Pacific Air Philippines
74%
39) Lion Air Group Indonesia
72%
27) Air Astana Kazakhstan
70%
68) Volaris Mexico
70%
37) EVA Airways Taiwan
70%
47) Air Tahiti France
67%
20) Pegasus Airlines Turkey
67%
28) LATAM AIrlines Chile
65%
16) CargoLux Luxembourg
65%
32) Air Asia Group Malaysia
63%
52) S7 Airlines Russia
63%
34) Cathay Pacific Hong Kong
58%
49) WIZZ Air Hungary
58%
58) TAROM Air Romania
58%
64) Copa Airlines Panama
56%
43) Safair/FlySafair South Africa
51%
54) SmartWings Czech Republic
47%
45) Air Niugini Papua New Guinea
47%
67) WesternAir Bahamas
44%
66) Arajet Dominican Republic
40%
57) SkyUp Airlines Ukraine
35%
65) Caribbean Airlines Trinidad and Tobago
30%
60) HiSky Moldova
23%
No matching quizzes found
Score Distribution
Percent of People with Each Score
Percentile by Number Answered
Your Score History
You have not taken this quiz since the last reset